Memoria reglamentaria de la Prisión Celular de Madrid correspondiente al año 1893 / (Record no. 162599)

MARC details
000 -LEADER
campo de control de longitud fija 01164nam a2200229 i 4500
001 - NÚMERO DE CONTROL
campo de control 162599
003 - IDENTIFICADOR DE NÚMERO DE CONTROL
campo de control ES-MaACL
005 - FECHA Y HORA DE LA ÚLTIMA TRANSACCIÓN
campo de control 20250719062545.0
008 - DATOS DE LONGITUD FIJA--INFORMACIÓN GENERAL
campo de control de longitud fija 011024s1895 sp |||| | spa d
110 2# - ENTRADA PRINCIPAL--NOMBRE DE ENTIDAD CORPORATIVA
Nombre de entidad corporativa o nombre de jurisdicción como elemento de entrada Prisión Celular de Madrid.
9 (RLIN) 134763
245 10 - MENCIÓN DEL TÍTULO
Título Memoria reglamentaria de la Prisión Celular de Madrid correspondiente al año 1893 /
Mención de responsabilidad, etc. escrita por Fernando Cadalso.
260 ## - PUBLICACIÓN, DISTRIBUCIÓN, ETC.
Lugar de publicación, distribución, etc. Madrid :
Nombre del editor, distribuidor, etc. [s.n.],
Fecha de publicación, distribución, etc. 1895 (
Fabricante Imp. de José Góngora Álvarez)
300 ## - DESCRIPCIÓN FÍSICA
Extensión 45 p. ;
Dimensiones 24 cm.
610 24 - PUNTO DE ACCESO ADICIONAL DE MATERIA--NOMBRE DE ENTIDAD CORPORATIVA
Nombre de entidad corporativa o nombre de jurisdicción como elemento de entrada Prisión Celular de Madrid.
9 (RLIN) 134763
650 #4 - PUNTO DE ACCESO ADICIONAL DE MATERIA--TÉRMINO DE MATERIA
Término de materia o nombre geográfico como elemento de entrada Establecimientos penitenciarios-
Subdivisión geográfica Madrid.
9 (RLIN) 143330
700 1# - ENTRADA AGREGADA--NOMBRE PERSONAL
Nombre de persona Cadalso, Fernando.
9 (RLIN) 33372
852 ## - LOCALIZACIÓN
Ubicación ES-MaACL
Número de control de estantería D-91(6)
itemnumber 168718
Sublocalización o colección R.FOLL.7/6
Signatura antigua Olim: 193-C-14
Ubicación en estantería Sala Valle Inclán
Marcas de propiedad Sello en tinta en portada: "Donativo del Sr. Lastres al Ateneo de Madrid. 1907"
Encuadernación Encuadernación holandesa
-- Encuadernación con otras obras formando un volumne facticio
Donativo/Legado Donación: Lastres y Juiz
Anotaciones manuscritas Anotación manuscrita en portada: "Folletos penitenciarios. T.14"
903 ## - NOMBRE PERSONAL DE DONANTE
a Lastres y Juiz, Francisco,
d 1848-1918
q 1
e Donante
9 70504
942 ## - ELEMENTOS DE ENTRADA SECUNDARIOS (KOHA)
Fuente del sistema de clasificación o colocación Clasificación decimal universal
Tipo de ítem Koha Folleto
Holdings
Estatus retirado Estado de pérdida Fuente del sistema de clasificación o colocación Estado de daño No para préstamo Colección Biblioteca de origen Biblioteca actual Ubicación en estantería Fecha de adquisición Fuente de adquisición Total de préstamos Signatura topográfica completa Código de barras Visto por última vez Precio de reemplazo Tipo de ítem Koha
    Clasificación decimal universal     Colección de folletos Biblioteca del Ateneo de Madrid Biblioteca del Ateneo de Madrid Sala Valle Inclán 17/01/2008 Donación   D-91(6) 901170343 23/02/2023 23/02/2023 Folleto